Site planning (Record no. 76521)

MARC details
000 -LEADER
fixed length control field 00927nam a2200193 a 4500
008 - FIXED-LENGTH DATA ELEMENTS--GENERAL INFORMATION
fixed length control field 120416s1988 ||||||||||||||||| || u
020 ## - INTERNATIONAL STANDARD BOOK NUMBER
International Standard Book Number 0138112584
050 ## - LIBRARY OF CONGRESS CALL NUMBER
Classification number NA 2540.5 Bro
100 ## - MAIN ENTRY--PERSONAL NAME
Personal name Brooks, R. Gene
245 10 - TITLE STATEMENT
Title Site planning
246 ## -
-- environment, process and development
260 ## - PUBLICATION, DISTRIBUTION, ETC.
Place of publication, distribution, etc. Englewood Cliffs, N.J.
Name of publisher, distributor, etc. FT Prentice-Hall
Date of publication, distribution, etc. 1988
300 ## - PHYSICAL DESCRIPTION
Extent xiv, 322p. : ill.
350 ## -
-- 0.00
650 ## - SUBJECT ADDED ENTRY--TOPICAL TERM
Topical term or geographic name entry element BUILDING SITES--PLANNING
995 ## -
-- MAIN LIBRARY OPEN ACCESS
-- 0.00
-- 725028
-- CBU-MAIN LIBRARY (Kitwe)
-- 1
-- 57.80
-- NA 2540.5 Bro
-- AVAILABLE
-- 010192
-- Main Library Open Access Collection
995 ## -
-- MAIN LIBRARY OPEN ACCESS
-- 0.00
-- 725029
-- CBU-MAIN LIBRARY (Kitwe)
-- 2
-- 57.80
-- NA 2540.5 Bro
-- AVAILABLE
-- 010193
-- Main Library Open Access Collection
995 ## -
-- ANNEX COLLECTION (Main Library)
-- 0.00
-- 725030
-- CBU-MAIN LIBRARY (Kitwe)
-- 3
-- 57.80
-- NA 2540.5 Bro
-- 3
-- AVAILABLE
-- 010194
-- Annex Low-Usage Collection
999 ## -
-- 76521
-- 76521
Holdings
Withdrawn status Lost status Source of classification or shelving scheme Damaged status Not for loan Permanent Location Current Location Shelving location Date acquired Total Checkouts Full call number Barcode Date last seen Copy number Price effective from Koha item type
          CBU-MAIN LIBRARY, KITWE. CBU-MAIN LIBRARY, KITWE.   04/25/2023   NA 2540.5 Bro 010192 04/25/2023 1 04/25/2023 MONOGRAPH
          CBU-MAIN LIBRARY, KITWE. CBU-MAIN LIBRARY, KITWE.   04/25/2023   NA 2540.5 Bro 010193 04/25/2023 2 04/25/2023 MONOGRAPH
          CBU-MAIN LIBRARY, KITWE. CBU-MAIN LIBRARY, KITWE.   04/25/2023   NA 2540.5 Bro 010194 04/25/2023 3 04/25/2023 MONOGRAPH